000 01106naa a22002897a 4500
001 BR7901956
003 BR-BrBNA
005 20240918174343.0
007 ta
008 230509b bl.||||| |||| 00| 0 por d
040 _aBR-BrBNA
_bpor
_cBiblioteca Nacional de Agricultura
041 _a(Pt)
072 _aL00; L73
_b5240
_bG514
090 _aL00 BR7901956
100 1 _aStorniolo, P.G.
100 1 _aCastro, N. de
245 1 _aOvinos [manejo, raca, instalacao agricola, doenca animal, Brasil]
260 3 _aPorto Alegre, RS (Brasil):
_bGlobo,
_c1978.
500 _aMagalhaes, A.; Bordini, M. da G. (eds.) Grande manual globo de agricultura, pecuaria e receituario industrial Porto Alegre, RS (Brasil): Globo, 1978. p. 76-93 (BR7901956-AM)L00
650 _aOVINO
650 _aMANEJO
650 _aRACA
650 _aINSTALACAO AGRICOLA
773 0 _tGrande manual globo de agricultura, pecuaria e receituario industrial
_aMagalhaes, A.; Bordini, M. da G. (eds.)
_b
_wL00 BR7901956
_gPorto Alegre, RS (Brasil), 1978. p. 76-93
909 _a202404
_bLucia
_c55
_dLucia Elande
942 _cAM
_2AGRIS
999 _c310666
_d310666